Fiestas de invierno / Jorge Tomás
Publicado:
San Jorge, núm. 82 (2n trimestre 1971), pàg 44 :
Materias:
Festes d'hivern -- Manresa
MARC
| LEADER | 00000nam a2200000Ia 4500 | ||
|---|---|---|---|
| 001 | |||
| 008 | 160829s9999 xx 000 0 cat d | ||
| 100 | |a Tomàs, Jordi |9 40376 | ||
| 245 | |a Fiestas de invierno / Jorge Tomás | ||
| 260 | |a San Jorge, núm. 82 (2n trimestre 1971), pàg 44 | ||
| 650 | |a Festes d'hivern |x Manresa |9 41035 | ||
| 901 | |a Arxiu | ||
| 942 | |n 1 | ||
| 952 | |0 0 |1 0 |4 0 |7 1 |9 50005 |a Arxiu |b Arxiu |d 2016-12-01 |l 0 |r 2016-12-01 00:00:00 |w 2016-12-01 |y ARXIU | ||
| 999 | |c 53847 |d 53847 | ||